[Event "Open B"]
[Site "Hotel Don Carlos de Huarte (N"]
[Date "2009.12.06"]
[Round "6"]
[White "Beaumont Arizaleta, Mikel"]
[Black "Gonzalez Fernandez, Jorge"]
[Result "1-0"]
[WhiteElo "1718"]
[BlackElo "1657"]
[PlyCount "107"]
[EventDate "2009.12.01"]

1. e4 c5 2. Nf3 d6 3. d4 cxd4 4. Nxd4 Nf6 5. Nc3 g6 6. Be3 Bg7 7. Bc4 O-O 8.
Qd2 Nc6 9. O-O-O Bd7 10. f3 Rc8 11. Be2 Ne5 12. g4 Nc4 13. Bxc4 Rxc4 14. h4 Qa5
15. Nb3 Qc7 16. Bd4 Rc8 17. g5 Nh5 18. Bxg7 Kxg7 19. Rh2 Be6 20. Nd5 Bxd5 21.
exd5 Rf4 22. Qe3 a6 23. Rd4 Rxd4 24. Qxd4+ Kg8 25. Re2 Ng3 26. Rg2 Nf5 27. Qe4
Qc4 28. Re2 Qxe4 29. Rxe4 Rc7 30. Kd2 Kg7 31. Rb4 h6 32. a4 hxg5 33. hxg5 f6
34. f4 Kf7 35. Kd3 fxg5 36. fxg5 e6 37. Na5 exd5 38. Nxb7 Re7 39. Rb6 Re1 40.
Nxd6+ Nxd6 41. Rxd6 Re5 42. b4 Rxg5 43. Rxa6 Re5 44. Kd4 Re4+ 45. Kc5 g5 46. b5
Rc4+ 47. Kxd5 Rxc2 48. Rc6 Rf2 49. b6 g4 50. Rc7+ Kf6 51. b7 Rb2 52. a5 g3 53.
a6 g2 54. Rc1 1-0

[Event "Open B"]
[Site "Hotel Don Carlos de Huarte (N"]
[Date "2009.12.06"]
[Round "6"]
[White "Oyaga Valencia, Jesus Maria"]
[Black "Adrian Abad, Miguel"]
[Result "1-0"]
[WhiteElo "1747"]
[BlackElo "1686"]
[PlyCount "79"]
[EventDate "2009.12.01"]

1. d4 d5 2. c4 c6 3. e3 Nf6 4. Nc3 Bf5 5. Nf3 Nbd7 6. a3 h6 7. Bd2 a5 8. Na4 e6
9. c5 Qc7 10. Be2 Be7 11. O-O O-O 12. b4 Ne4 13. Be1 axb4 14. Bxb4 Bf6 15. Rc1
e5 16. Nb6 Ra7 17. Nxd7 Qxd7 18. dxe5 Bd8 19. Nd4 Bc7 20. Nxf5 Qxf5 21. f4 h5
22. Bxh5 Qh7 23. Bf3 f5 24. exf6 Nxf6 25. Qd4 Raa8 26. Be2 Rae8 27. Rf3 g5 28.
Bd3 Qg7 29. Rg3 g4 30. h3 Qh6 31. hxg4 Qh4 32. Be1 Nxg4 33. Rh3 Qf6 34. Qxf6
Rxf6 35. Rg3 Rxe3 36. Rxg4+ Kf7 37. Rd1 Bxf4 38. Bg6+ Ke7 39. Bh4 Re4 40. Bxe4
1-0

[Event "Open B"]
[Site "Hotel Don Carlos de Huarte (N"]
[Date "2009.12.06"]
[Round "6"]
[White "Saunders, Mark"]
[Black "Gonzalez Santamartina, Jorge"]
[Result "0-1"]
[WhiteElo "1852"]
[BlackElo "1746"]
[PlyCount "98"]
[EventDate "2009.12.01"]

1. e4 e5 2. f4 d6 3. Nf3 Nc6 4. Bb5 exf4 5. d4 Bd7 6. Bxf4 a6 7. Bd3 Nf6 8. O-O
Be7 9. c3 O-O 10. Nbd2 Ne8 11. Qc2 g6 12. Bh6 Ng7 13. Rf2 f5 14. Bc4+ Kh8 15.
e5 dxe5 16. Nb3 e4 17. Ne5 Nxe5 18. dxe5 Bg5 19. Bxg7+ Kxg7 20. e6 Bc6 21. Rd1
Qe8 22. Nd4 Rd8 23. Re1 Bd5 24. Bxd5 Rxd5 25. Qb3 Rd6 26. Qxb7 Qc8 27. Qb3 c5
28. Qa3 Be7 29. Ne2 Qxe6 30. Nf4 Qe5 31. Qb3 Bg5 32. Nh3 Bh4 33. Rfe2 Bxe1 34.
Rxe1 e3 35. Ng5 Qf4 36. Qb7+ Kh6 37. Nf3 Rfd8 38. g3 Qe4 39. Qxe4 fxe4 40. Ne5
Rd1 41. Kf1 R8d2 42. Ng4+ Kg5 43. Nxe3 Rxe1+ 44. Kxe1 Rxb2 45. h4+ Kf6 46. a4
Ra2 47. Nd5+ Ke5 48. Nb6 e3 49. Nc4+ Ke4 0-1

[Event "Open B"]
[Site "Hotel Don Carlos de Huarte (N"]
[Date "2009.12.06"]
[Round "6"]
[White "Duran Fernandez, Emilio"]
[Black "Arcos Garcia, Manuel"]
[Result "1-0"]
[WhiteElo "1798"]
[BlackElo "1431"]
[PlyCount "109"]
[EventDate "2009.12.01"]

1. d4 Nf6 2. Bg5 e6 3. e4 Be7 4. Nc3 d6 5. Nf3 h6 6. Bh4 Nh7 7. Bxe7 Qxe7 8.
Bd3 Ng5 9. Qe2 Nxf3+ 10. gxf3 e5 11. Rg1 g6 12. Nd5 Qd8 13. dxe5 dxe5 14. O-O-O
Be6 15. Ne3 Qe7 16. Bb5+ c6 17. Bc4 Nd7 18. Bxe6 Qxe6 19. Qc4 O-O-O 20. Qxe6
fxe6 21. Rxg6 Rde8 22. Nc4 Re7 23. Rdg1 Kc7 24. Rg7 Rh7 25. Rxe7 Rxe7 26. Rg6
h5 27. Kd2 b5 28. Ne3 Rf7 29. Ke2 Nf6 30. Ng2 Kd6 31. Ke3 a5 32. a3 c5 33. f4
exf4+ 34. Nxf4 Ke7 35. Nd3 Nd7 36. Rh6 c4 37. Nf4 Nf6 38. Nxh5 Nd7 39. Nf4 Nc5
40. Ng6+ Kd6 41. f4 Rg7 42. h4 Na4 43. b3 Kc5 44. bxa4 bxa4 45. c3 Rb7 46. Rh5+
Kb6 47. Ne5 Rg7 48. Nxc4+ Kc7 49. Rg5 Rd7 50. h5 Rd1 51. h6 Rh1 52. Rg7+ Kc6
53. Ne5+ Kb6 54. h7 Rh6 55. Nf7 1-0

[Event "Open B"]
[Site "Hotel Don Carlos de Huarte (N"]
[Date "2009.12.07"]
[Round "7"]
[White "Ortega Lopez, Adrian"]
[Black "Sevilla Subiza, Javier"]
[Result "1/2-1/2"]
[WhiteElo "1869"]
[BlackElo "1859"]
[PlyCount "50"]
[EventDate "2009.12.01"]

1. e4 e6 2. d4 d5 3. Nd2 Nf6 4. e5 Nfd7 5. Bd3 c5 6. c3 Nc6 7. Ngf3 Qb6 8. O-O
Bd6 9. dxc5 Nxc5 10. Nb3 Nxd3 11. Qxd3 Bd7 12. Re1 Qc7 13. Bf4 h6 14. Nfd4 a6
15. Bg3 Nxd4 16. Nxd4 Qb6 17. Rab1 O-O 18. Kh1 Bc5 19. Bf4 Bxd4 20. Qxd4 Qxd4
21. cxd4 Rfc8 22. Rbc1 Rc4 23. Rxc4 dxc4 24. Rc1 Rc8 25. Bd2 Bc6 1/2-1/2

[Event "Open B"]
[Site "Hotel Don Carlos de Huarte (N"]
[Date "2009.12.07"]
[Round "7"]
[White "Tetimov, Ivan"]
[Black "Garcia Martinez, Oscar"]
[Result "1-0"]
[WhiteElo "1962"]
[BlackElo "1887"]
[PlyCount "91"]
[EventDate "2009.12.01"]

1. d4 Nf6 2. Nf3 g6 3. c4 d6 4. g3 Bg7 5. Bg2 Nbd7 6. O-O O-O 7. Nc3 c5 8. b3
Rb8 9. Bb2 a6 10. a4 Qa5 11. Qc2 cxd4 12. Nxd4 Qh5 13. e3 Ng4 14. h3 Ngf6 15.
Qd1 Qh6 16. Bc1 Ne5 17. e4 Qh5 18. Qxh5 Nxh5 19. Rd1 Nf6 20. Be3 Nc6 21. Rac1
Bd7 22. Nd5 Rfe8 23. c5 Nxd4 24. Bxd4 dxc5 25. Be5 Nxd5 26. Bxb8 Rxb8 27. Rxd5
Be6 28. Rdxc5 Bb2 29. Rb1 Bd4 30. Rc2 f6 31. Bf1 Kg7 32. Kg2 b5 33. axb5 axb5
34. Bd3 Rb7 35. b4 Bf7 36. f4 e5 37. Rbc1 exf4 38. gxf4 Be3 39. Rc7 Rxc7 40.
Rxc7 Bxf4 41. Rb7 Kf8 42. Rxb5 f5 43. Rc5 fxe4 44. Bxe4 g5 45. b5 h5 46. b6 1-0

[Event "Open B"]
[Site "Hotel Don Carlos de Huarte (N"]
[Date "2009.12.07"]
[Round "7"]
[White "Martinez Ayesa, Aitor"]
[Black "Apesteguia Domaica, Jose Antoni"]
[Result "1-0"]
[WhiteElo "1840"]
[BlackElo "1816"]
[PlyCount "67"]
[EventDate "2009.12.01"]

1. d4 d5 2. c4 c6 3. Nf3 Nf6 4. g3 g6 5. Bg2 Bg7 6. O-O O-O 7. Nc3 Nbd7 8. cxd5
cxd5 9. Bf4 a6 10. Qb3 Qb6 11. Nxd5 Nxd5 12. Qxd5 Qxb2 13. Qc4 Qb6 14. Rab1 Qa5
15. Bc7 Qf5 16. h3 b5 17. Qc6 Ra7 18. Bf4 Bb7 19. Qc3 Rc8 20. Qe3 Bxf3 21. Bxf3
Nf6 22. d5 Rd7 23. g4 Nxd5 24. gxf5 Nxe3 25. Bxe3 gxf5 26. Rbc1 Rdc7 27. Rxc7
Rxc7 28. Rd1 h6 29. Rd8+ Kh7 30. Ra8 b4 31. Rxa6 e5 32. Bd5 Rd7 33. Bb3 e4 34.
Rb6 1-0

[Event "Open B"]
[Site "Hotel Don Carlos de Huarte (N"]
[Date "2009.12.07"]
[Round "7"]
[White "Rodriguez Montes, Sostenes"]
[Black "Otano Villanueva, Joseba"]
[Result "0-1"]
[WhiteElo "1784"]
[BlackElo "1812"]
[PlyCount "98"]
[EventDate "2009.12.01"]

1. e4 c5 2. Nf3 Nc6 3. d4 e6 4. d5 Nce7 5. c4 d6 6. Nc3 e5 7. Be2 Ng6 8. Qc2
Be7 9. Bd2 Nf6 10. h3 O-O 11. O-O-O Bd7 12. Nh2 a6 13. h4 b5 14. g3 b4 15. Nb1
Qa5 16. b3 Rfb8 17. h5 Nf8 18. f4 Qc7 19. fxe5 dxe5 20. g4 a5 21. g5 Ne8 22.
Ng4 Rb6 23. Rdf1 a4 24. Bd1 axb3 25. Qxb3 Bxg4 26. Bxg4 Nd6 27. g6 Nxe4 28.
gxf7+ Kh8 29. Be3 Nc3 30. Bf5 Nxb1 31. h6 g6 32. Bxb1 Ra3 33. Qd1 Rxe3 34. Qg4
Qa7 35. Rf2 Qa3+ 36. Kd1 b3 37. Rhh2 bxa2 38. Bxa2 Rg3 39. Qe2 Rg1+ 40. Rf1
Qa4+ 41. Ke1 Rxf1+ 42. Kxf1 Rf6+ 43. Rf2 Rxf2+ 44. Qxf2 Qd1+ 45. Kg2 Qg4+ 46.
Kf1 Qh3+ 47. Ke2 Qxh6 48. d6 Qh5+ 49. Kf1 Qd1+ 0-1

[Event "Open B"]
[Site "Hotel Don Carlos de Huarte (N"]
[Date "2009.12.07"]
[Round "7"]
[White "Perez Marchal, Javier"]
[Black "Beaumont Arizaleta, Mikel"]
[Result "0-1"]
[WhiteElo "1905"]
[BlackElo "1718"]
[PlyCount "100"]
[EventDate "2009.12.01"]

1. e4 c6 2. d4 d5 3. e5 Bf5 4. Nf3 e6 5. Be2 c5 6. Be3 Nc6 7. dxc5 Bxc5 8. Bxc5
Qa5+ 9. c3 Qxc5 10. Nbd2 Nge7 11. Nb3 Qb6 12. Bd3 Bg4 13. Qe2 Bxf3 14. gxf3 Ng6
15. Bb5 Nf4 16. Bxc6+ Qxc6 17. Qd2 Qc4 18. O-O-O g5 19. Kb1 O-O-O 20. Qd4 Kb8
21. h4 h6 22. Nc5 Qxd4 23. cxd4 b6 24. Na6+ Kb7 25. Nb4 Rc8 26. Rd2 Rc4 27. Nc2
h5 28. Ne3 Rc7 29. hxg5 a5 30. Rc2 h4 31. Rxc7+ Kxc7 32. Kc2 h3 33. Ng4 Rh5 34.
Kd2 Rxg5 35. Nh6 Rh5 36. Nxf7 h2 37. Nd6 Kc6 38. Ne8 Kb5 39. Nf6 Rh3 40. Ng4
Kc4 41. Rxh2 Rxf3 42. Ne3+ Kxd4 43. b3 Kxe5 44. Rh4 Rxf2+ 45. Kd1 Rxa2 46. Ng4+
Kd6 47. Ne3 e5 48. Rh5 Kc5 49. Rh4 Ng2 50. b4+ axb4 0-1

[Event "Open B"]
[Site "Hotel Don Carlos de Huarte (N"]
[Date "2009.12.07"]
[Round "7"]
[White "Oyaga Valencia, Jesus Maria"]
[Black "Ruiz Escobar, Rafael"]
[Result "0-1"]
[WhiteElo "1747"]
[BlackElo "1935"]
[PlyCount "138"]
[EventDate "2009.12.01"]

1. e4 c5 2. Nf3 Nc6 3. d4 cxd4 4. Nxd4 e5 5. Nb3 Nf6 6. Nc3 d6 7. Bc4 Be7 8. f3
O-O 9. Be3 a6 10. a4 Be6 11. Bxe6 fxe6 12. O-O Ne8 13. Ne2 Bg5 14. Qd2 Bxe3+
15. Qxe3 Rc8 16. c3 Ne7 17. Nd2 Ng6 18. Rfd1 Rc7 19. Rac1 Qh4 20. c4 Qf6 21.
Nf1 Ne7 22. Qd3 a5 23. b3 Rd7 24. Nfg3 g6 25. Nc3 Nc7 26. Nb5 Rfd8 27. Nxc7
Rxc7 28. Qe3 Nc6 29. Ne2 Rcd7 30. Rd2 h5 31. Rcd1 h4 32. h3 Kg7 33. Nc3 Qe7 34.
Nb5 Nb4 35. Qc3 Kh7 36. Kh2 Nc6 37. Qe3 Nb4 38. Nc3 Nc6 39. Ne2 g5 40. Nc3 Kg6
41. Nb5 Kh5 42. g3 hxg3+ 43. Kxg3 Nb4 44. Rg1 d5 45. exd5 exd5 46. Rh2 dxc4 47.
h4 Kg6 48. hxg5 Qxg5+ 49. Qxg5+ Kxg5 50. Kf2+ Kf5 51. Rh5+ Ke6 52. Rh6+ Kd5 53.
f4 Nd3+ 54. Kf3 Rf8 55. bxc4+ Kxc4 56. Nd6+ Kd5 57. Ne4 Rxf4+ 58. Ke3 Rxe4+ 59.
Kxd3 Rxa4 60. Kc2 Rc7+ 61. Kb2 Rb4+ 62. Ka3 Rc3+ 63. Ka2 b5 64. Rgg6 Rd4 65.
Rd6+ Kc4 66. Rc6+ Kb4 67. Rcg6 Re3 68. Rg2 Red3 69. Rb2+ Kc4 0-1

[Event "Open B"]
[Site "Hotel Don Carlos de Huarte (N"]
[Date "2009.12.07"]
[Round "7"]
[White "Jimenez Penafiel, Gustavo"]
[Black "Iturralde Borda, Jon"]
[Result "0-1"]
[WhiteElo "1702"]
[BlackElo "1828"]
[PlyCount "122"]
[EventDate "2009.12.01"]

1. d4 d5 2. c4 c6 3. Nf3 Nf6 4. Nc3 Bf5 5. e3 e6 6. Nh4 Bg6 7. Nxg6 hxg6 8. g3
Qc7 9. Bg2 Nbd7 10. Bd2 dxc4 11. Qe2 Nb6 12. O-O-O a5 13. e4 O-O-O 14. Bf4 Qd7
15. Be3 Qc7 16. Bf4 Qe7 17. Be3 Qb4 18. f4 a4 19. a3 Qb3 20. Qc2 Nfd7 21. h3 c5
22. d5 Qxc2+ 23. Kxc2 e5 24. Nb1 Bd6 25. Nd2 f5 26. Kc3 Nf6 27. Nxc4 Nxc4 28.
Kxc4 exf4 29. Bxc5 Bxc5 30. Kxc5 fxe4 31. gxf4 Rh5 32. Kb4 Rhxd5 33. Rxd5 Nxd5+
34. Kxa4 Nxf4 35. Rg1 Re8 36. Bf1 e3 37. Bb5 Re4+ 38. Kb3 e2 39. Re1 Nxh3 40.
Rxe2 Rxe2 41. Bxe2 Nf4 42. Bg4+ Kc7 43. Kc3 Nd5+ 44. Kd4 Nf6 45. Bf3 b6 46. Ke5
g5 47. Kf5 g4 48. Bg2 Kd6 49. Kg6 Kc5 50. Kxg7 Nh5+ 51. Kh6 Nf4 52. Bf1 g3 53.
Kg5 g2 54. Bxg2 Nxg2 55. Kg4 Ne3+ 56. Kf3 Nc4 57. b4+ Kb5 58. Ke2 Nxa3 59. Kd2
Kxb4 60. Kc1 Kc3 61. Kd1 b5 0-1

[Event "Open B"]
[Site "Hotel Don Carlos de Huarte (N"]
[Date "2009.12.07"]
[Round "7"]
[White "Sevilla Subiza, Marina"]
[Black "Rebole Arbea, Pedro Maria"]
[Result "0-1"]
[WhiteElo "1566"]
[BlackElo "1749"]
[PlyCount "80"]
[EventDate "2009.12.01"]

1. d4 d5 2. c4 c6 3. Nc3 f5 4. cxd5 cxd5 5. Bf4 e6 6. a3 Nf6 7. Nf3 Nbd7 8. h3
Qb6 9. Na4 Qa5+ 10. Bd2 Qd8 11. Bf4 Ne4 12. e3 Qa5+ 13. b4 Qd8 14. Nc5 Ndxc5
15. dxc5 Be7 16. Be5 Bf6 17. Bb5+ Bd7 18. Bxd7+ Qxd7 19. O-O O-O 20. Rc1 Bxe5
21. Nxe5 Qc7 22. Nd3 a6 23. Nf4 Qe5 24. Qd4 Qf6 25. Rfe1 Rad8 26. f3 e5 27. Qa1
Nd2 28. Qa2 Nxf3+ 29. gxf3 exf4 30. e4 fxe4 31. fxe4 f3 32. Qf2 Qg5+ 33. Kh1
dxe4 34. Rg1 Qh6 35. Rce1 Rd2 36. Qg3 f2 37. Rgf1 fxe1=Q 38. Rxe1 Rf3 39. Qg4
Rxh3+ 40. Kg1 Rh5 0-1

[Event "Open B"]
[Site "Hotel Don Carlos de Huarte (N"]
[Date "2009.12.07"]
[Round "7"]
[White "Diaz Redondo, Isidro"]
[Black "Duran Fernandez, Emilio"]
[Result "1/2-1/2"]
[WhiteElo "1688"]
[BlackElo "1798"]
[PlyCount "54"]
[EventDate "2009.12.01"]

1. e4 c5 2. Nf3 d6 3. d4 cxd4 4. Nxd4 Nf6 5. Nc3 g6 6. f3 Bg7 7. Be3 O-O 8. Qd2
a6 9. Bh6 Nc6 10. Bxg7 Kxg7 11. O-O-O Bd7 12. g4 b5 13. h4 Qb6 14. h5 Nxd4 15.
Qxd4 Qxd4 16. Rxd4 Rac8 17. h6+ Kg8 18. Nd5 Nxd5 19. exd5 Rc5 20. Rh2 f5 21.
Bh3 Rf6 22. g5 Rf8 23. f4 Kf7 24. Rhd2 Rfc8 25. Bf1 R8c7 26. Kb1 a5 27. Be2 Ke8
1/2-1/2

[Event "Open B"]
[Site "Hotel Don Carlos de Huarte (N"]
[Date "2009.12.07"]
[Round "7"]
[White "Gonzalez Fernandez, Jorge"]
[Black "Gonzalez Santamartina, Jorge"]
[Result "0-1"]
[WhiteElo "1657"]
[BlackElo "1746"]
[PlyCount "70"]
[EventDate "2009.12.01"]

1. d4 d5 2. c4 e6 3. Nc3 Nf6 4. Bg5 Be7 5. Nf3 Nbd7 6. e3 O-O 7. Rc1 dxc4 8.
Bxc4 a6 9. O-O b5 10. Bd3 c5 11. b3 Bb7 12. dxc5 Nxc5 13. Be2 Nd5 14. Bxe7 Qxe7
15. Nd4 Rfd8 16. Nxd5 Bxd5 17. Bf3 b4 18. Bxd5 Rxd5 19. Qf3 Rc8 20. Rc4 a5 21.
Rfc1 Qd7 22. Rxc5 Rdxc5 23. Rxc5 Rxc5 24. g3 e5 25. Ne2 g6 26. g4 e4 27. Qf6
Qxg4+ 28. Ng3 Rc1+ 29. Kg2 Qf3+ 30. Qxf3 exf3+ 31. Kxf3 Rc2 32. Ne4 Rxa2 33.
Nc5 Rc2 34. Na4 Rd2 35. Nc5 Rd5 0-1

[Event "Open B"]
[Site "Hotel Don Carlos de Huarte (N"]
[Date "2009.12.07"]
[Round "7"]
[White "Adrian Abad, Miguel"]
[Black "Ortega Lopez, Mikel"]
[Result "0-1"]
[WhiteElo "1686"]
[BlackElo "1723"]
[PlyCount "96"]
[EventDate "2009.12.01"]

1. d4 d5 2. c4 e6 3. Nc3 Nf6 4. Bg5 Nbd7 5. cxd5 exd5 6. a3 Be7 7. e3 c6 8. Bd3
b6 9. b4 Bb7 10. Nge2 O-O 11. O-O Bd6 12. h3 Re8 13. Qc2 h6 14. Bf4 Bxf4 15.
Nxf4 Rc8 16. Qa2 Nf8 17. Rfe1 c5 18. bxc5 bxc5 19. dxc5 Rxc5 20. Nce2 N8d7 21.
Nd4 Qe7 22. Rab1 Nb6 23. Rec1 Rxc1+ 24. Rxc1 Rc8 25. Rxc8+ Nxc8 26. Nb5 Bc6 27.
a4 Qd7 28. Qb3 Nd6 29. Nxd6 Qxd6 30. Ne2 Nd7 31. Nd4 Nc5 32. Qb1 Nxd3 33. Nxc6
Qxc6 34. Qxd3 Qxa4 35. Qxd5 a5 36. Qd8+ Kh7 37. Qe7 Qa2 38. Qe4+ g6 39. h4 Qa1+
40. Kh2 Qf6 41. h5 Qd6+ 42. Kh1 Qd1+ 43. Kh2 Qxh5+ 44. Kg1 Qd1+ 45. Kh2 Qa1 46.
f4 Qa3 47. g3 Qa2+ 48. Kh3 Qe6+ 0-1

[Event "Open B"]
[Site "Hotel Don Carlos de Huarte (N"]
[Date "2009.12.07"]
[Round "7"]
[White "Arcos Garcia, Manuel"]
[Black "Saunders, Mark"]
[Result "0-1"]
[WhiteElo "1431"]
[BlackElo "1852"]
[PlyCount "98"]
[EventDate "2009.12.01"]

1. d4 Nf6 2. c4 c5 3. Nf3 cxd4 4. Nxd4 e5 5. Nc2 Nc6 6. Bg5 Bc5 7. e3 Qa5+ 8.
Qd2 Nb4 9. Nc3 Ne4 10. Qd1 Nxg5 11. a3 Nxc2+ 12. Qxc2 O-O 13. Bd3 h6 14. O-O
Qd8 15. b4 Be7 16. f4 exf4 17. exf4 Ne6 18. Qf2 Bf6 19. Qc2 Nd4 20. Qa2 b6 21.
Nd5 Bb7 22. Be4 Bxd5 23. Bxd5 Rc8 24. Rae1 Ne6 25. Kh1 Re8 26. c5 Rf8 27. c6
dxc6 28. Bxe6 fxe6 29. Rxe6 Kh8 30. Qc4 c5 31. b5 Qd4 32. Qxd4 cxd4 33. Rd6
Rfd8 34. Rxd8+ Rxd8 35. Rd1 Rc8 36. g3 Rc3 37. a4 Ra3 38. Kg2 Rxa4 39. Rd3 Rb4
40. Ra3 Rxb5 41. Rxa7 Rd5 42. Ra1 d3 43. Rd1 d2 44. Kf3 b5 45. Ke2 Bc3 46. Rb1
b4 47. Kd1 Rd7 48. Kc2 Re7 49. Kd1 Re1+ 0-1